00399 a2200133 4500001000900000005001700009008004100026245003700067100002000104700002600124700002100150773007700171999001700248ART_838420260410161844.0260409a 10aSraffa y la economía clásica1 aBacha, Edmar L.1 aCarneiro, Dionisio D.1 aTaylor, Lance J.0 tEl trimestre económicog- Vol. XLIV, Nº 173 (ene./mar. 1977)wREV6933 c24350d24350